Statistics for People with J initials #2

Click here to take the quiz!

General Stats

  • This quiz has been taken 28 times
  • The average score is 15 of 22

Answer Stats

Initials Clue Person % Correct
JARachel Green from "Friends"Jennifer Aniston
96%
JFShe was Clarice Starling in "Silence of the Lambs"Jodie Foster
96%
JSLeader of the USSR from 1922 to 1952Joseph Stalin
96%
JMLead singer of The DoorsJim Morrison
92%
JVAngelina Jolie's fatherJon Voight
92%
JBObama's vice-presidentJoe Biden
92%
JCHe walked the lineJohnny Cash
88%
JJA hippie legend who died at the age of 27Janis Joplin
88%
JOEnglish chef and host of "The Naked Chef"Jamie Oliver
79%
JDTim Burton's favourite actorJohnny Depp
75%
JTWriter of "The Lord of the Rings"J.R.R. Tolkien
75%
JRA 90's romantic comedy movie star like "Notting Hill"Julia Roberts
71%
JLKatniss EverdeenJennifer Lawrence
71%
JWOne half of The White StripesJack White
71%
JPLead guitarist of Led ZeppelinJimmy Page
67%
JKLate show host on ABCJimmy Kimmel
58%
JH"Superbad", "The Wolf of Wall Street", "21 Jump Street"Jonah Hill
54%
JNAmerican mathematician portrayed in the movie "A beautiful mind"John Forbes Nash
50%
JENBA legend called "The Doctor" or "Dr. J"Julius Erving
50%
JIHe was Alfred in "Batman vs. Superman"Jeremy Irons
29%
JG"500 days of Summer", "Don Jon"Joseph Gordon-Levitt
29%
JUGerman road bicycle racer and rival of Lance ArmstrongJan Ullrich
29%

Score Distribution

Percentile by Number Answered

Percent of People with Each Score

Your Score History

You have not taken this quiz